000 00634nam a2200121Ia 4500
008 220620s9999||||xx |||||||||||||| ||und||
245 0 _aIslam in Process
_bHistorical and Civilizational Perspectives (Yearbook of the Sociology of Islam 7)
546 _aEnglish[eng]
650 _aAxial Age Theory (history)||Comparative Analysis of Civilisations||Cultural Studies||Islam||Religion||Cultural History||Islamic Studies||Sociology of Religion||History of Religion||Sociology
700 _aArnason, Johann P.||Salvatore, Armando||Stauth, Georg
856 _uhttps://library.oapen.org/bitstream/20.500.12657/22536/1/1007620.pdf
942 _cEB
999 _c27749
_d27749